Quanto conosci l'Italia? - Statistics

Statistiche generali
  • Questo quiz è stato fatto 1.000 volte
  • Il punteggio medio è 12 su 15
Statistiche sulle risposte
Domanda Risposta % Corretto
Qual è la capitale? Roma
99%
Quale mare non bagna l'Italia? Glaciale Artico
97%
Qual è il piatto tipico degli Italiani? Pizza
97%
Dove si trova il Colosseo? Roma
94%
Qual è il monte più alto? Monte Bianco
93%
Con quali nazioni non confina? Spagna
92%
Quando l'Italia è diventata uno stato indipendente? 1861
90%
Dove si trova Matera? Basilicata
84%
Quale è una provincia pugliese? Foggia
83%
Dove si trova l'Etna? Sicilia
83%
Quali sono le isole dell'Arcipelago Toscano? Isola d'Elba, Giglio, Capraia, Montecristo, Pianosa, Giannutri e Gorgona
76%
Quale fra questi non è uno chef italiano? Ramsay
69%
Dove viene prodotto il Chianti? Toscana
67%
Chi ha composto l'Inno della Roma? Venditti
54%
Che tipo di vulcano è il Vesuvio ? Attivo
42%
Nessun quiz corrispondente trovato
Distribuzione punteggi
Percentuale di utenti per punteggio
Percentile per numero di risposta
I tuoi punteggi nel tempo
Non hai fatto questo quiz